Những chiến lược marketing hiệu quả kỳ diệu/
Đã lưu trong:
| Tác giả chính: | |
|---|---|
| Tác giả khác: | |
| Định dạng: | Sách giấy |
| Ngôn ngữ: | Vietnamese |
| Được phát hành: |
H. :
Lao động - Xã hội,
2005
|
| Những chủ đề: | |
| Các nhãn: |
Thêm thẻ
Không có thẻ, Là người đầu tiên thẻ bản ghi này!
|
| Thư viện lưu trữ: | Thư viện Trường Đại học Đà Lạt |
|---|
| LEADER | 00768nam a2200301 4500 | ||
|---|---|---|---|
| 001 | DLU050048309 | ||
| 005 | ##20050829 | ||
| 040 | # | # | |a DLU |b vie |
| 041 | # | # | |a vie |
| 044 | # | # | |a vn |
| 082 | # | # | |a 658.8 |b TH-T |
| 100 | # | # | |a Thu Thuỷ, |e biên soạn |
| 245 | # | # | |a Những chiến lược marketing hiệu quả kỳ diệu/ |c Thu Thuỷ biên soạn |
| 260 | # | # | |a H. : |b Lao động - Xã hội, |c 2005 |
| 300 | # | # | |a 361 tr. ; |c 21 cm |
| 653 | # | # | |a Quản trị tiếp thị |
| 653 | # | # | |a Tiếp thị |
| 700 | # | # | |a Thu Thuỷ |e biên soạn |
| 923 | # | # | |a 26/2005 |
| 992 | # | # | |a 48.000 |
| 994 | # | # | |a DLU |
| 900 | # | # | |a True |
| 911 | # | # | |a Đào Thị Thu Huyền |
| 925 | # | # | |a G |
| 926 | # | # | |a A |
| 927 | # | # | |a SH |
| 980 | # | # | |a Thư viện Trường Đại học Đà Lạt |